[Event "87th Tata Steel Challengers 2025"]
[Site "Wijk aan Zee"]
[Date "2025.01.24"]
[Round "6.5"]
[White "Deshmukh, Divya"]
[Black "Oro, Faustino"]
[Result "0-1"]
[WhiteElo "2490"]
[BlackElo "2447"]
[Annotator "Chessbase - Stockfish 17"]
[PlyCount "142"]
[EventDate "2025.??.??"]

{[%evp 18,142,12,0,2,0,2,-5,8,0,0,0,0,-6,-12,-14,-12,-20,-18,-13,-15,-15,-14,-14,0,-10,0,-18,0,0,96,122,122,114,217,209,211,8,4,0,0,6,8,0,0,-18,-18,-29,-24,-31,0,0,0,0,0,-195,0,0,0,0,0,0,0,0,0,0,0,0,0,0,0,0,0,0,0,-12,-12,-12,-12,-12,-11,-19,-12,-12,-12,-19,-19,-19,-19,-25,-19,-102,-19,-19,-12,-24,-11,-19,-19,-24,-24,-27,-34,-34,-27,-33,-30,-27,-22,-59,-59,-59,-60,-114,-69,-114,-114,-114,-113,-136,-141,-448,-459,-363,-297,-464,-454]} 1. Nf3 Nf6 2. g3 b5 3. Bg2 Bb7 4. a4 b4 5. O-O e6 6. d3 c5 7. e4 d6 8. Nbd2 Be7 9. Nc4 O-O 10. Re1 Nc6 {[%cal Yb8c6,Yc6d4,Yd4f5,Yf5d6][%mdl 32] A05: Réti Opening: 1 Nf3 Nf6.} (10... Nbd7 11. Bf4 d5 12. Nd6 Bc6 13. Ng5 Nb6 14. Ndxf7 Rxf7 15. Bh3 Bd7 16. a5 e5 17. axb6 Bxh3 18. b7 Rb8 19. Bxe5 Rxb7 20. Nxh3 Qd7 21. Nf4 dxe4 22. dxe4 Ng4 23. Qd5 Nxe5 24. Qxe5 Bd6 25. Qd5 {Carlsen,M (2876)-Vachier Lagrave,M (2723) Stavanger 2015 0-1 (74)}) 11. Bf4 (11. a5 Rc8 12. e5 Nxe5 13. Nfxe5 Bxg2 14. Kxg2 dxe5 15. Nxe5 Nd5 16. Nc4) (11. e5 Ne8 12. exd6 Nxd6 13. Nfe5 Nxe5 14. Bxb7 Nxb7 15. Nxe5 Qc7 16. Bf4 Bd6 17. Qf3 Rac8 18. Re4 Na5 19. b3 Nc6 20. Nxc6 Qxc6 21. Bxd6 Qxd6 22. Rae1 h6 23. h4 Qd5 24. Qf4 Rcd8 25. Rc4 Rc8 {Wadsworth,M (2450)-Passen,B (1917) chess.com INT 2024 1-0 (43)}) 11... Rc8 $146 (11... d5 12. exd5 Nxd5 13. Be3 Qc7 14. Nfd2 Rad8 15. Qg4 Nxe3 16. fxe3 f5 17. Qe2 Ba6 18. Rad1 Ne5 19. b3 Bf6 20. Rf1 g6 21. Kh1 Kg7 22. Qf2 Ng4 23. Qf3 h5 24. Qc6 Qxc6 25. Bxc6 Bc3 26. h3 {Apryshko,G (2285)-Bukavshin,I (2539) St Petersburg 2013 0-1 (40)}) 12. h4 $146 (12. e5 dxe5 13. Nfxe5 Nd5 14. Nxc6 Bxc6 15. Be5 Bf6 16. Qe2 Bxe5 17. Qxe5 Qc7 18. f4 Nb6 19. Qxc7 {½-½ Beradze,I (2486)-Aleksandrov,A (2594) Nakhchivan op 2018 (5)}) 12... Re8 {The position is equal.} 13. e5 dxe5 14. Nfxe5 (14. Bxe5 Nxe5 15. Nfxe5 Bd5 16. Re3) 14... Nd5 15. Qg4 {[%cal Ye5f7]} Nd4 16. c3 Nf6 17. Qd1 Bxg2 18. Kxg2 Qd5+ 19. Kh2 Nf5 (19... Nc6 {simplifies} 20. Ne3 Qd8 21. Nxc6 Rxc6 22. Qf3 Rc8) 20. Qe2 h6 21. h5 Nd6 22. Rad1 Rcd8 23. Na5 Rc8 $6 {Inaccuracy. bxc3 was best. [#] Wards off Nac6} (23... bxc3 24. bxc3 Qa8) 24. Nac6 $1 $16 bxc3 (24... Rxc6 $2 25. c4 $18) (24... Nf5 25. c4) 25. bxc3 Qb3 {[%csl Ye5] Strong Square White (e5)} (25... Rxc6 $2 26. c4 $18) (25... Nf5 $16 {is a better defense.}) 26. Rb1 $1 $18 (26. Nxa7 $6 Ra8 27. Nac6 Qxa4 $16) 26... Qxc3 27. Nxe7+ $6 {Inaccuracy. Nxa7 was best.} (27. Nxa7 Ra8 $16 (27... Rc7)) (27. Rec1 $1 $18 {[%cal Rc1c3]} Qa3 28. Nc4 (28. Nxa7 Ra8 $16) 28... Nxc4 (28... Qxa4 $2 29. Nxe7+ Rxe7 30. Nxd6 $18) 29. Rxc4 Rxc6 30. Bc1) 27... Rxe7 {[#]} 28. Ng6 $1 fxg6 (28... Ree8 29. Be5) 29. Bxd6 Ree8 30. hxg6 Qd4 {[%csl Ya4,Yd6]} 31. Bf4 e5 32. Be3 Qxa4 33. Rb7 e4 34. Qb2 {aiming for Ra1.} Qc6 35. Ra1 a6 (35... exd3 $2 36. Raxa7 Kh8 (36... Ng4+ $2 37. Kg1 $18) 37. Rxg7 $18) 36. Rb6 $4 {Blunder. dxe4 was best.} (36. dxe4 Qxe4 37. Rxa6 Ng4+ (37... Qxg6 38. Raa7) 38. Kg1) 36... Ng4+ $4 {Blunder. Qd5 was best.} (36... Qd5 37. Rxf6 gxf6 38. Qxf6 Rc6 (38... exd3 39. Bxh6 Qb7 40. Rb1 $15)) 37. Kh3 Qd7 {Really sharp!} 38. Rb7 Nxf2+ (38... Nxe3+ $2 39. Rxd7 Nf5 40. dxe4 $18 (40. Rxa6 Rb8 $18)) 39. Kg2 Nxd3 {[%cal Yf2d3,Yd3b2,Yb2c4][%mdl 32]} 40. Rxd7 Nxb2 41. Rxa6 Nc4 42. Bf4 {Threatening mate with Raa7.} Ra8 43. Rxa8 Rxa8 {[%mdl 4096] Endgame KRB-KRN. Black is two pawns up.} 44. Rc7 Re8 45. Rxc5 Nb6 46. Kf2 Re6 47. Ke3 Rxg6 48. Kxe4 Re6+ 49. Kf5 Rf6+ 50. Ke4 Nd7 51. Ra5 Nf8 52. Be5 Rf7 53. Bd6 Ne6 54. Bf4 {[#]} (54. g4) 54... Kh7 (54... Nxf4 $1 $17 55. gxf4 Re7+ 56. Kf3 Kf7) 55. Be3 Nf8 56. Rb5 Rf1 57. Rb7 Kg6 58. Ra7 Nh7 59. Bf4 Nf6+ 60. Ke3 Rb1 61. Kf3 Rb3+ 62. Kg2 Ng4 63. Ra6+ Kh5 64. Bd6 Rb2+ 65. Kf3 $6 {Inaccuracy. Kg1 was best.} (65. Kg1) 65... Nh2+ 66. Ke4 Re2+ 67. Kd5 g5 68. Bf8 {[#]} Ng4 $1 {Strongly threatening ...Re8.} 69. Bd6 $4 {[%mdl 8192] Blunder. Bc5 was best.} (69. Bc5 Rg2) 69... Nf6+ $19 70. Kc6 Rc2+ 71. Kb5 $6 {Inaccuracy. Kb6 was best.} (71. Kb6 Re2 72. Ka7 Re6 73. Bf8 Rxa6+ 74. Kxa6 Ne4 75. g4+ Kg6 76. Kb5 Nf2) 71... Ne8 {Never resign too early! Weighted Error Value: White=0.16 (very precise) /Black=0.18 (very precise) Loses game: 	White=2 	--- Missed win: 	White=1 	Black=1 Mistake: 	White=3 	Black=3 Inaccurate: 	White=2 	Black=2 OK: 	White=22 	Black=25 Best: 	White=3 	Black=4 Strong: 	White=1 	Black=1 Brilliant: 	White=2 	--- Precisão Stockfish 17: Brancas 91% Pretas 94% Precisão Chess.com: Brancas 90.0% Pretas 93.3.%} 0-1

[Event "87th Tata Steel Challengers 2025"]
[Site "Wijk aan Zee"]
[Date "2025.01.24"]
[Round "6.6"]
[White "Pijpers, Arthur"]
[Black "Lu, Miaoyi"]
[Result "1/2-1/2"]
[WhiteElo "2474"]
[BlackElo "2429"]
[Annotator "Chessbase - Stockfish 17"]
[PlyCount "52"]
[EventDate "2025.??.??"]

{[%evp 16,52,26,8,22,29,27,34,21,19,35,0,0,0,0,0,10,0,0,0,0,0,0,0,0,0,0,0,0,0,0,0,0,0,0,0,0,0,0]} 1. e4 e5 2. Nf3 Nc6 3. Bb5 Nf6 4. O-O Nxe4 5. d4 Nd6 6. Bxc6 dxc6 7. dxe5 Nf5 8. Qxd8+ Kxd8 9. h3 Be7 {C67: Ruy Lopez: Berlin Defence: 4 0-0 Nxe4.} 10. Nc3 Nh4 11. Nxh4 Bxh4 {White is slightly better.} 12. Be3 h5 {Black is weak on the dark squares} 13. Ne4 (13. Rad1+ Ke8 14. Ne2 Be7 15. Rfe1 a6 16. Bf4 g5 17. Bh2 Rh6 18. e6 Bxe6 19. Bxc7 Rc8 20. Ba5 c5 21. Nc3 Rc6 22. Nd5 Bxd5 23. Rxd5 Rhe6 24. Kf1 Rxe1+ 25. Bxe1 Rd6 26. Rxd6 Bxd6 27. g4 hxg4 {Vachier Lagrave,M (2779)-So,W (2780) Saint Louis 2018 ½-½ (45)}) (13. Ne2 Be7 14. a4 Ke8 15. f4 g6 16. Rad1 a6 17. c3 Be6 18. a5 h4 19. b4 Rd8 20. Rxd8+ Bxd8 21. Nd4 Bc8 22. f5 gxf5 23. Nxf5 Rg8 24. Kh2 Be6 25. Rf4 Bxf5 26. Rxf5 Rg3 27. Rf3 Rg8 {Kirk,E (2411)-Van Foreest,L (2523) Kragero NOR 2024 ½-½ (36)}) 13... Bf5 $146 {The position is equal.} (13... Be7 14. Rad1+ Ke8 15. Rfe1 Bf5 16. Bf4 Rd8 17. Nd6+ cxd6 18. exd6 Be6 19. dxe7 Kxe7 20. h4 f6 21. f3 Kf7 22. Kf2 Rhe8 23. a3 c5 24. Rd2 Rxd2+ 25. Bxd2 Rd8 26. Be3 b6 27. Rc1 Rd7 28. b4 {Ewert,H (2261)-Fakhrutdinov,T (2441) Mamaia 2017 ½-½ (56)}) 14. Rad1+ Kc8 15. f3 Re8 16. g4 Bg6 17. Bd4 {[%cal Ye3d4,Yd4c3,Yc3e1][%mdl 32]} b6 18. Bc3 c5 19. Rd2 Kb7 20. Kg2 Rad8 21. Re2 f5 22. exf6 gxf6 23. Be1 $1 Bg5 24. Rff2 Bh4 25. Rf1 Bg5 26. Rff2 Bh4 {A rather calm draw. Weighted Error Value: White=0.03 (flawless) /Black=0.02 (flawless) Inaccurate: 	White=1 	--- OK: 	White=11 	Black=10 Strong: 	White=1 	--- Precisão Stockfish 17: Brancas 99% Pretas 99% Precisão Chess.com: Brancas 99.4% Pretas 99.6%} 1/2-1/2

[Event "87th Tata Steel Challengers 2025"]
[Site "Wijk aan Zee"]
[Date "2025.01.24"]
[Round "6.7"]
[White "Yakubboev, Nodirbek"]
[Black "Svane, Frederik"]
[Result "1/2-1/2"]
[WhiteElo "2659"]
[BlackElo "2664"]
[Annotator "Chessbase - Stockfish 17"]
[PlyCount "61"]
[EventDate "2025.??.??"]

{[%evp 9,61,8,11,12,15,1,7,8,9,0,27,6,12,19,20,20,15,15,13,23,22,13,14,15,14,4,2,13,10,0,0,0,0,0,0,0,0,0,0,0,2,0,3,0,0,0,0,0,0,0,0,0,0,0]} 1. d4 Nf6 2. Nf3 e6 3. Bf4 c5 4. e3 Nc6 5. Nbd2 {[%cal Yb1d2,Yd2c4,Yc4e5][%mdl 32]} h6 6. Nc4 (6. c3 Nh5 7. Bg3 Nxg3 8. hxg3 d5 9. Bd3 Bd6 10. Qe2 Qe7 11. dxc5 Bxc5 12. e4 d4 13. e5 dxc3 14. bxc3 Qc7 15. Rh4 b6 16. Rg4 Kf8 17. Rc4 Bb7 18. Nb3 Be7 19. Rd1 b5 20. Rf4 g5 {Gukesh,D (2744)-Caruana,F (2782) Zagreb CRO 2023 1-0 (41)}) 6... d5 7. Nce5 Bd6 $146 (7... Nh5 8. Bb5 Qa5+ {0-1 (8) Calderon,Z (2027)-Doknjas,N (2248) chess.com INT 2025}) (7... Qb6 8. Rb1 Nxe5 9. Nxe5 Bd6 10. c3 Bd7 11. Bd3 Rd8 12. a4 O-O 13. h4 cxd4 14. exd4 Ne4 15. O-O Be8 16. Qg4 Qc7 17. Bc2 Kh8 18. f3 Nf6 19. Qh3 Nh5 20. Bh2 f6 21. f4 fxe5 22. fxe5 {Abdusattorov,N (2766)-Maghsoodloo,P (2733) Tashkent UZB 2024 1-0 (32)}) 8. c3 Qc7 9. Bb5 {[#] dxc5 would now be deadly.} Nd7 10. Qa4 Ncxe5 11. Nxe5 a6 12. Nxd7 Bxd7 13. Bxd6 Qxd6 14. Bxd7+ Qxd7 15. Qxd7+ {The position is equal.} Kxd7 16. dxc5 {[%mdl 4096] Endgame. KRR-KRR} Kc6 17. b4 a5 18. a4 Ra7 $1 19. Kd2 Rha8 {And now ...axb4 would win.} 20. Rhb1 axb4 21. Rxb4 Kxc5 22. Kc2 b6 23. Kb3 Kc6 24. c4 Rd7 25. Rd1 Rad8 26. cxd5+ Rxd5 27. Rc4+ Kb7 28. Rcd4 Rxd4 29. Rxd4 Rxd4 30. exd4 h5 31. h4 {An interesting draw. Weighted Error Value: White=0.02 (flawless) /Black=0.02 (flawless) . Inaccurate: 	--- 	Black=1 OK: 	White=12 	Black=12 Best: 	--- 	Black=1 Strong: 	--- 	Black=1 Precisão Stockfish 17: Brancas 99% Pretas 99% Precisão Chess.com: Brancas 98.9% Pretas 98.9%} 1/2-1/2

[Event "87th Tata Steel Challengers 2025"]
[Site "Wijk aan Zee"]
[Date "2025.01.25"]
[Round "7.1"]
[White "Svane, Frederik"]
[Black "Bulmaga, Irina"]
[Result "1-0"]
[WhiteElo "2664"]
[BlackElo "2386"]
[Annotator "Chessbase - Stockfish 17"]
[PlyCount "181"]
[EventDate "2025.??.??"]

{[%evp 10,181,13,4,6,0,3,0,0,0,0,-6,41,22,72,18,39,34,42,35,46,28,41,24,25,19,0,0,39,43,45,41,34,27,147,158,161,158,172,150,278,272,273,169,135,138,150,155,155,151,215,74,151,165,159,158,162,161,160,133,143,132,143,129,136,140,188,168,185,192,191,145,182,187,179,177,170,152,191,211,342,345,396,387,482,452,552,414,302,0,548,574,532,0,0,0,173,150,165,195,102,131,175,0,172,0,195,166,117,61,76,33,33,73,58,0,45,0,64,69,139,176,170,0,0,0,188,208,194,187,172,0,0,0,65,73,42,84,201,235,288,360,353,245,333,260,347,339,344,337,232,190,213,159,167,178,172,102,97,121,279,0,70,0,346,327,304,250,29984,29986,29985,29986,29985,29981]} 1. e4 e5 2. Nf3 Nc6 3. Bc4 Bc5 4. d3 Nf6 5. Nc3 h6 6. h3 a6 {is currently scoring better than 6...d6. C50: Hungarian Defence and Giuoco Pianissimo.} 7. Be3 Bxe3 8. fxe3 d6 {The position is equal.} 9. a3 (9. Qe2 Na5 10. Bb3 Nxb3 11. axb3 Bd7 12. O-O O-O 13. Qf2 Qe7 14. Nh4 c6 15. Ne2 d5 16. exd5 cxd5 17. Ng3 Ne8 18. Nhf5 Bxf5 19. Nxf5 Qe6 20. Ra5 Kh7 21. e4 dxe4 22. dxe4 g6 23. Ne3 Nd6 {Urazayev,A (2448)-Mohammadi,M (2181) chess.com INT 2025 1-0 (40)}) 9... Be6 10. Nd2 $5 {[%mdl 4] Exploring less charted territory.} O-O (10... Bxc4 {should be considered.} 11. dxc4 Ne7) 11. Qe2 Re8 $6 $146 {Inaccuracy. b5 was best.} (11... Bd7) (11... Bxc4 12. dxc4 Nb8 13. g4 Ne8 14. h4 g6 15. O-O-O Nd7 16. h5 g5 17. Nf1 Ng7 18. Ng3 f6 19. Rhf1 Rf7 20. Kd2 Qf8 21. Ke1 Rd8 22. Kf2 c6 23. a4 a5 24. Kg2 Nc5 25. Rd2 Rfd7 26. b3 {Kollars,D (2648)-Dominguez Perez,L (2748) chess.com INT 2024 1-0 (68)}) (11... d5 12. exd5 Nxd5 13. Nce4 Qe7 14. Bxd5 Bxd5 15. g4 Qh4+ 16. Qf2 Qxf2+ 17. Kxf2 f5 18. gxf5 Rxf5+ 19. Ke2 Raf8 20. c4 Bxe4 21. Nxe4 Nd8 22. Rag1 Kh7 23. Rg3 Ne6 24. Rhg1 R8f7 25. h4 a5 26. b4 {Kollars,D (2648)-Dominguez Perez,L (2748) chess.com INT 2024 ½-½ (32)}) (11... b5 12. Bxe6) 12. Rf1 $6 {Inaccuracy. g4 was best.} (12. Bxe6 $16 Rxe6 13. Rf1) (12. g4) 12... Nb8 13. O-O-O Bxc4 14. dxc4 Nbd7 15. g4 Nh7 16. Rf2 Nc5 $6 {Inaccuracy. c6 was best.} (16... c6 17. Qf3 Qe7 18. Qg3 g6 19. Nb3 Nb6 20. Nd2) 17. Rh1 c6 18. h4 {[%cal Yg4g5]} Ne6 {[#]} 19. g5 $1 hxg5 {Space Advantage White} 20. Qh5 g6 21. Qh6 {[%cal Yf2f7]} Nef8 $6 {Inaccuracy. gxh4 was best.} (21... gxh4 22. Rxh4 Nef8) 22. Rhf1 $1 $16 {White is much more active.} f6 23. hxg5 (23. h5 gxh5 24. Qxh5 Re7) 23... Re6 24. Nf3 $1 {[%cal Yd2f3,Yf3h2,Yh2g4][%mdl 32]} Qe7 $6 {Inaccuracy. Qd7 was best. [#]} (24... Qd7 25. gxf6 (25. Nd1 Rae8 26. Rh2 fxg5 27. Nxg5 R6e7 28. Nf2 Rg7 29. Qh4 Qe7 30. Ng4) 25... Rxf6) 25. Nd5 $1 $18 {[%mdl 512]} Qf7 (25... cxd5 26. cxd5 Qg7 27. Qxg7+ (27. dxe6 Qxh6 28. gxh6 Re8 $18) 27... Kxg7 28. dxe6 $18) 26. Nh2 $6 {Inaccuracy. Nh4 was best.} (26. Nh4 Qg7 27. Qxg7+ Kxg7 28. gxf6+ Kf7 29. Nc7 Rd8 30. Nxe6 Nxe6 31. Nf3 Rg8) 26... cxd5 27. cxd5 Re7 28. Ng4 $1 {[%cal Rf2f6]} (28. gxf6 Rc7 $14) 28... Rc7 29. Qh4 (29. gxf6 $6 Kh8 $14) (29. Nxf6+ Nxf6 30. gxf6 (30. Rxf6 Qg7) 30... Qh7) 29... Qe8 (29... Qd7 $16) 30. gxf6 (30. Nxf6+ Nxf6 31. Rxf6 (31. gxf6 Rh7 $17) 31... Qe7) (30. Rh1 $1 $18 {and the rest is easy.} Kh8 (30... fxg5 $2 31. Nf6+ Kh8 32. Nxe8 $18) 31. Nxf6 (31. Rxf6 Qe7 $16)) 30... Kh8 (30... Rf7) 31. f7 $16 Qd8 32. Qh3 {The board is on fire.} (32. Rf6 Rxf7 33. Rh1 Qc7 $17) 32... Qg5 33. Nf6 Rxf7 34. Nxh7 Rxh7 35. Rxf8+ Rxf8 36. Rxf8+ $18 {[%mdl 4096] Endgame KQR-KQR. White is a pawn up. White attacks} Kg7 37. Qf3 $40 {[%mdl 128] White goes for the king.} Rh1+ (37... Qe7 $16 {was called for.} 38. Ra8 Rh8 39. Rxh8 Kxh8) 38. Kd2 $1 (38. Qxh1 Qxe3+ 39. Kb1 Kxf8 $16) 38... Rh2+ 39. Kd3 $1 Qe7 {Inhibits Qf7+.} 40. Rc8 Rh8 41. Rxh8 Kxh8 {KQ-KQ. White is a pawn up.} 42. Qh3+ Kg7 43. Qc8 {Prevents Qe8} Kh6 44. b4 Kg7 $6 {Inaccuracy. Kg5 was best.} (44... Kg5 45. Kd2 (45. c4) 45... Qg7) 45. a4 {[%cal Ya3a4,Ya4a5][%mdl 32]} Qf7 46. Ke2 Qe7 47. a5 Kh7 48. Kd3 Qf7 49. Ke2 {Wards off Qf1+} (49. Kc3) 49... Qe7 $1 50. c4 Qh4 51. Qc7+ $4 {Blunder. Qxb7+ was best.} (51. Qxb7+ Kh6 52. Qxa6) 51... Kh6 52. Qxd6 Qh2+ $2 {Mistake. Qg4+ was best.} (52... Qg4+ 53. Kd2 Qg2+ 54. Kc3 Qf1 55. b5 Qe1+ 56. Kc2 Qe2+ 57. Kb3 Qd3+ 58. Kb4) 53. Kd3 $18 Qf2 {Against Qf8+} 54. Qxe5 Qf1+ 55. Kd2 Qf2+ 56. Kd3 Qf1+ 57. Kd2 Qf2+ 58. Kd1 $1 Qf1+ 59. Kc2 $1 (59. Kd2 Qf2+ $18) 59... Qe2+ $1 60. Kb3 Qd1+ 61. Kb2 Qd2+ 62. Kb3 Qd1+ 63. Kb2 Qd2+ 64. Ka3 Qd3+ 65. Ka2 $1 Qc2+ 66. Ka3 Qd3+ $1 67. Ka2 Qc2+ $1 68. Qb2 $1 (68. Ka3 $6 Qd3+ $16) 68... Qa4+ (68... Qxc4+ 69. Ka3 Qd3+ 70. Qb3) 69. Kb1 (69. Qa3 $6 Qc2+ 70. Qb2 Qa4+ (70... Qxc4+ 71. Ka1 $14) 71. Kb1 Qd1+ 72. Ka2 Qa4+ $14) 69... Qd1+ 70. Ka2 $2 (70. Qc1 $1 $18 {[%cal Rc1d1]} Qb3+ 71. Ka1 (71. Qb2 Qd1+ 72. Ka2 Qa4+ 73. Qa3 Qc2+ 74. Ka1 Qd1+ 75. Kb2 Qe2+ 76. Kb1 Qd1+ 77. Qc1 Qb3+ 78. Ka1 Qa4+ 79. Kb2 Qxb4+ 80. Kc2 Qxc4+ 81. Kd2 Qxe4 $14) 71... Qa4+ 72. Kb2 Qxb4+ 73. Kc2 Qxc4+ 74. Kd2 Qxe4 75. Qc5) 70... Qa4+ 71. Kb1 (71. Qa3 Qc2+ 72. Qb2 Qa4+ (72... Qxc4+ $2 73. Ka1 $18)) 71... Qd1+ $14 72. Qc1 $1 Qb3+ 73. Ka1 Qa4+ $6 {Inaccuracy. Qxb4 was best.} (73... Qxb4 74. Qb2 (74. Ka2 g5 75. Qf1 Qc3 76. e5 Qxe5 77. Qd3 Kg7 78. Kb3 Kf8 79. Qc3) 74... Qxa5+ 75. Kb1 Qe1+ 76. Kc2 Qe2+ 77. Kb3 Qxe3+ 78. Qc3 Qxe4) 74. Kb2 $1 $18 Qxb4+ 75. Kc2 $1 Qxc4+ {[#]} 76. Kd2 $1 Qxe4 77. Qc5 Qf5 78. Qd4 Qf2+ {[#]} 79. Kc3 $1 Qe1+ 80. Qd2 Qa1+ 81. Kb4 Qb1+ 82. Kc5 b6+ 83. Kd4 $6 {Inaccuracy. Kd6 was best.} (83. axb6 Qb5+ 84. Kd6 Qxb6+ 85. Kd7 Qb7+ 86. Kd8 Qb8+ 87. Kd7 Qb7+ 88. Kd8 Qb8+ 89. Kd7 Qb7+ $14) (83. Kc6 $18 Qb5+ 84. Kc7 Qc5+ 85. Kd7 bxa5 86. e4+ Kh7 87. d6) (83. Kd6) 83... Qa1+ $16 84. Ke4 Qb1+ $6 {Inaccuracy. bxa5 was best.} (84... bxa5 85. d6 Qa4+ 86. Qd4 Qd7) 85. Kd4 $6 {Inaccuracy. Ke5 was best.} (85. Ke5 Qf5+ 86. Kd6 Qf6+ 87. Kc7 Qe7+ 88. Kxb6 Qd6+ 89. Kb7 g5 90. e4 Kh5) 85... Qa1+ $14 86. Ke4 $2 {[%mdl 8192]} (86. Qc3 $1 $14 Qa4+ (86... Qxc3+ $2 87. Kxc3 bxa5 88. d6 $18) 87. Qc4 Qd1+ (87... Qxc4+ $2 88. Kxc4 b5+ 89. Kc5 $18) 88. Ke5 Qh5+ 89. Ke6 Qf5+ 90. Ke7 Qe5+ 91. Kd7) 86... Qb1+ $6 $18 {Inaccuracy. bxa5 was best.} (86... bxa5) 87. Ke5 {and e4+ would now be decisive} Qf5+ 88. Kd6 {White wants to mate with e4+.} bxa5 $4 {Blunder. Qf6+ was best.} (88... Qf6+ 89. Kc7 Qe7+ 90. Kxb6 Qd6+ 91. Ka7 (91. Kb7 g5 92. e4 Kh5 93. Qf2 Qb4+ 94. Kxa6) 91... g5) 89. e4+ {White mates.} Qg5 90. Qxg5+ (90. Qxa5 Qf6+ 91. Kd7 Qf7+ 92. Kc6 Qe8+ 93. Kb6 Qd8+ 94. Kxa6 Qa8+ 95. Kb5 Qe8+ 96. Kc5 Qxe4 $14) 90... Kxg5 91. Kc7 $6 {Inaccuracy. Ke5 was best. Weighted Error Value: White=0.28 (precise) /Black=0.24 (precise) Loses game: 	--- 	Black=1 Missed win: 	White=3 	--- Mistake: 	White=6 	Black=11 Inaccurate: 	White=2 	Black=2 OK: 	White=20 	Black=34 Best: 	White=17 	Black=15 Strong: 	White=12 	Black=5 Brilliant: 	White=1 	--- Precisão Stockfish 17: Brancas 94% Pretas 91% Precisão Chess.com: Brancas 89.5% Pretas 75.5%} (91. Ke5 a4 92. d6 a5 93. d7 Kg4 94. d8=Q g5 95. Kf6 a3 96. Qxa5 Kf4) 1-0

[Event "87th Tata Steel Challengers 2025"]
[Site "Wijk aan Zee"]
[Date "2025.01.25"]
[Round "7.2"]
[White "Lu, Miaoyi"]
[Black "Deshmukh, Divya"]
[Result "1-0"]
[WhiteElo "2429"]
[BlackElo "2490"]
[Annotator "Chessbase - Stockfish 17"]
[PlyCount "79"]
[EventDate "2025.??.??"]

{[%evp 20,79,8,12,18,-7,11,0,54,0,66,72,71,59,78,68,86,80,96,71,82,75,100,89,102,94,143,128,131,124,100,77,80,74,65,43,100,36,37,29,106,62,118,115,183,175,511,497,625,633,593,505,1163,548,827,290,805,671,29959,6519,29994,29995]} 1. e4 c5 2. Nf3 Nc6 3. Bb5 Nf6 {[%cal Yg8f6,Yf6d5,Yd5c7,Yc7e6][%mdl 32]} 4. e5 Nd5 5. Nc3 Nc7 6. Bxc6 dxc6 7. d3 g6 8. h3 Bg7 9. O-O O-O 10. Re1 Ne6 11. a4 $1 {[%mdl 4] is currently scoring better than 11.Ne4.} a5 {B31: Sicilian: 2...Nc6 3 Bb5 g6.} 12. Ne2 (12. Be3 Nd4 13. Bf4 Ne6 14. Bg3 b6 15. Qd2 f5 16. exf6 exf6 17. Re2 Ra7 18. Rae1 Re7 19. Ne4 f5 20. Neg5 Rfe8 21. Be5 Nxg5 22. Qxg5 Qd5 23. Qf4 b5 24. Re3 Bf8 25. b3 h6 26. h4 Re6 {Bochnicka,V (2347)-Ponizil,C (2465) Slovakia SVK 2025 1-0 (37)}) 12... b6 13. Nf4 Ra7 (13... Nd4) 14. b3 $6 $146 {Inaccuracy. Nxe6 was best.} (14. Nxe6 Bxe6 15. b3 (15. Qe2 h6 16. b3 Bd5 17. Nh2 Rd7 18. f4 Kh7 19. Rf1 f5) 15... Rd7 16. Qe2 Bd5 17. Nd2 f5 18. f4 h6 19. Nf3 Be6 {½-½ (19) Opacic,A (2063)-Isonzo,D (2340) Lido degli Estensi 2003}) 14... h6 $6 {Inaccuracy. Nd4 was best.} (14... Nd4 15. c3 Nxf3+ 16. Qxf3 Bf5 17. Qxc6 Rd7 18. d4 cxd4 19. g4 Bc2 20. cxd4) 15. Nxe6 $14 Bxe6 16. Bb2 Qc8 17. Qe2 Rd8 $146 (17... Bd5 18. Nd2 Kh7 19. Rad1 Rb7 20. c4 Be6 21. Nf3 Re8 22. d4 cxd4 23. Nxd4 Rd8 24. Nxe6 Rxd1 {½-½ Gholami,A (2541)-Ameir,M (2342) Mumbai Wealth op 5th 2019 (7)}) 18. Bc3 Rad7 19. Nh2 Rd5 20. f4 h5 21. Nf1 Bh6 22. Qf2 Rf8 (22... R5d7) 23. Ne3 $16 Rdd8 24. Qh4 Rde8 25. Rf1 f5 26. exf6 {White attacks White is more active.} exf6 27. g4 Qc7 (27... Bxb3 $6 28. Rae1 $18) (27... Qd7 $1 $14) 28. Ng2 (28. Bxf6 Bxf4 29. Rae1 Bxb3 30. cxb3 Bxe3+ (30... Rxe3 $2 31. Rxe3 Bxe3+ 32. Kg2 $19) 31. Kg2 Qd7 32. gxh5 Qd5+ 33. Kh2 (33. Rf3 $2 Bg5 $19) 33... g5 $19 (33... gxh5 $2 34. Qg3+ $18)) (28. gxh5 $16 g5 29. Qg3) 28... Bd5 $1 $14 29. gxh5 (29. Bxf6 $2 Bxg2 30. Rf2 (30. Kxg2 $2 Re2+ 31. Rf2 Rxf2+ 32. Qxf2 Rxf6 $19) 30... Bg7 31. Bxg7 Qxg7 $19) 29... g5 $6 {Inaccuracy. gxh5 was best.} (29... gxh5 30. Rf2 (30. Bxf6 $2 Rxf6 31. Qxf6 Re6 $19) (30. Qxh5 Qg7 $16) 30... Qf7) 30. Qg3 $6 {Inaccuracy. Qg4 was best. Rae1 would now be deadly.} (30. Qg4) 30... Kh7 $6 {Inaccuracy. Rf7 was best. [#]} (30... Rf7 31. Rfe1 Rd8) 31. Rae1 $1 $16 Rxe1 $6 {Inaccuracy. f5 was best.} (31... f5 32. Rxe8 (32. Nh4) 32... Rxe8) 32. Rxe1 $18 (32. Bxe1 Rg8 33. f5 Qxg3 34. Bxg3 g4 $15) 32... Rg8 $4 {Blunder. b5 was best.} (32... b5 33. Kh2 (33. Kf2) 33... b4) 33. Qg4 {Threatening mate with Qf5+.} (33. Bxf6 gxf4 34. Re7+ Qxe7) 33... Rf8 34. Qf5+ Kg8 35. Bxf6 Qf7 (35... Bg7 36. fxg5 Bxg2 37. Kxg2 Qf7) 36. fxg5 (36. Re7 Qxe7 37. Qg6+ (37. fxg5 $2 Qf7 $19) 37... Qg7 38. Bxg7 Bxg7 39. h6 (39. fxg5 Kh8 $18) (39. Qxg5 Kh7 $18)) 36... Bg7 37. Nf4 $6 {Inaccuracy. Qg4 was best. [#]} (37. Re7 Qxe7 $17) (37. Qg4 c4 38. h6 Bf3 39. Qxf3 Bxf6 40. gxf6 cxb3 41. cxb3 Qxf6 42. Qxf6 Rxf6) 37... Bf3 $6 {Inaccuracy. Bxf6 was best.} (37... Bxf6 38. gxf6 (38. Qxf6 Qxf6 39. gxf6 Rxf6 40. Nxd5 cxd5 41. Re5 Rd6 42. Rg5+ Kf7 43. Rg6) 38... Qxf6 39. Qxf6 Rxf6) 38. Ne6 {[%cal Ye6f8]} (38. Re7 $2 Qxe7 39. Kf2 Bd1 $19 (39... Bxf6 40. gxf6 Qxf6 41. Qxf6 $15)) 38... Qxh5 $6 {Inaccuracy. Bxf6 was best.} (38... Bxf6 39. Qxf3 Bd4+ 40. Nxd4 Qh7 41. Qg4 cxd4 42. Qe6+ Kh8 43. h6 b5 44. Qe5+) 39. Nxf8 $6 {Inaccuracy. Nxg7 was best.} (39. Nxg7 Rxf6 40. gxf6 Qxf5 41. Nxf5 Kf7 42. Rf1 Be2 43. Rf2 Bd1 44. Nd6+ Kf8) 39... Qh4 $4 {Checkmate is now unavoidable. Bxf8 was best.} (39... Bxf8 40. Qe6+ Qf7 41. Qxf7+ Kxf7 42. Rf1 Bd5 43. c4 Be6 44. Bd8+ Kg8 45. Kg2) 40. Qe6+ {Weighted Error Value: White=0.54/Black=1.37 Mistake: 	White=3 	Black=9 Inaccurate: 	White=1 	Black=2 OK: 	White=7 	Black=3 Best: 	White=2 	--- Strong: 	White=1 	Black=1 Precisão Stockfish 17: Brancas 96% Pretas 87% Precisão Chess.com: Brancas 89.0% Pretas 76.4%} 1-0